Jak se žilo v Plzni za císaře "Procházky"
| Titel: | Jak se žilo v Plzni za císaře "Procházky" : katalog výstavy : 29.4.-13.7.2014 Národopisné muzeum Plzeňska / Eva Mušková (ed.) |
|---|---|
| Beteiligt: | |
| Ausgabe: | 1. vyd. |
| Veröffentlicht: | V Plzni : Fakulta pedagogická Západočeské univerzity, 2014 |
| Umfang: | 115 S. : überw. Ill., Kt. |
| Format: | Buch |
| Sprache: | Tschechisch |
| ISBN: | 9788026104315 |
| Hinweise zum Inhalt: |
Inhaltsverzeichnis
|
alg: 35848665 001A $03004:29-04-15 001B $06055:13-03-26 $t18:12:11.000 001C $03004:16-06-16 $t17:21:47.000 001D $03004:16-06-16 001U $0utf8 001X $00 002@ $0Aau 003@ $0358486653 004A $A978-80-261-0431-5 007A $0358486653 $aHEB 007G $0DE020FABC52BE2630D662C1257FD8004ADE7B 009P $qapplication/pdf $A2 $3Inhaltsverzeichnis $uhttp://scans.hebis.de/HEBCGI/show.pl?35848665_toc.pdf $mV:DE-603;B:DE-Mb50 010@ $acze 011@ $a2014 $n2014 013D $RKatalog $#Exhibition catalogs $#Expositions $#Cataloghi di esposizioni $#Ausstellungskatalog $D20251120 $Ecgmnf $74135467-9 $8Ausstellungskatalog [Tsz] $9085499846 013H $0z 021A $aJak se žilo v Plzni za císaře "Procházky" $dkatalog výstavy : 29.4.-13.7.2014 Národopisné muzeum Plzeňska $hEva Mušková (ed.) 028C $71071149873 $8Mušková, Eva [Tp3] $9359160190 032@ $a1. vyd. 033A $pV Plzni $nFakulta pedagogická Západočeské univerzity 034D $a115 S. 034M $aüberw. Ill., Kt. 044K $#Pilsen $#Plzeň $#Pilzeň $D20251120 $Ecgmnf $74076145-9 $8Pilsen [Tg1] $9085215899 044K $RFranz Karl $RSophie $RMaximilian $RKarl Ludwig $RElisabeth $RRudolf $RMarie Valerie $RElisabeth Amalie $#Franz Joseph Karl von Habsburg $#Franz JosefI. $#Franz Joseph I. $#Franz Joseph I. $#Franz Joseph I. $#I. Ferenc József $#Francesco Giuseppe I. $#František Jozef I. $#Francis Joseph I. $#František Josef I. $#François Joseph I. $#François-Joseph I. $#Franciszek Józef I. $#Frans Josef I. $#Franjo Josip I. $#Franc Jožef I. $#Francisc Iosif I $#Franz Joseph $#Franz Joseph $#Franz Josef $#Franz Joseph $#Franz Joseph I. $#Franciszek Józef I. $#František Josef I. $#Ferenc József I. $#Franz Joseph I. $#Franciscus Josephus I. $#Франц Јозеф I $#Франц Иосиф I $#Франц Йосиф I $#Франц Йосиф І $#Φραγκίσκος Ιωσήφ Α΄ της Αυστρίας $D20251120 $Ecgmnf $7118535013 $8$PFranz Joseph$nI.$lÖsterreich, Kaiser$Z1830-1916 [Tp1] $9086876074 045F $a069.094371 $eDDC23BSB 045F/01 $a069 045F/03 $g4371 045G $a306.09437109034 $eDDC23BSB 045G/01 $a306.09 045G/03 $f09034 045G/03 $f0904 045G/03 $g4371 lok: 35848665 24 101B $016-06-16 $t17:21:47.000 101C $016-06-16 101U $0utf8 145Z/01 $a23 8 P 61 145Z/02 $a23 15 D 145Z/03 $a23 15 Q 145Z/04 $a23 15 R exp: 35848665 24 1 #EPN 201B/01 $016-06-16 $t17:21:47.000 201C/01 $008-06-15 201U/01 $0utf8 203@/01 $075525242X 208@/01 $a16-06-16 $bz 209A/01 $a15.07676 $du $f050 $h15 07676 $x00 209C/01 $a15.07676 K $h15 07676 K 209G/01 $a73602742 $x00 220C/01 $akon 247C/01 $8358050-7 Marburg, Bibliothek des Herder-Instituts Marburg $9102600961
| LEADER | 00000cam a2200000 c 4500 | ||
|---|---|---|---|
| 001 | 358486653 | ||
| 003 | DE-603 | ||
| 005 | 20260313181211.0 | ||
| 007 | tu | ||
| 008 | 150429s2014 xx |||| | u00||u|cze c | ||
| 020 | |a 9788026104315 | ||
| 035 | |a (DE-599)HEB358486653 | ||
| 040 | |a DE-603 |b ger |c DE-603 |d DE-603 | ||
| 041 | |a cze | ||
| 082 | 0 | 4 | |8 1\u |a 069.094371 |q DE-101 |2 23/BSB |
| 083 | 0 | |8 2\u |a 306.09437109034 |q DE-101 |2 23/BSB | |
| 085 | |8 1\u |b 069 | ||
| 085 | |8 1\u |z 2 |s 4371 | ||
| 085 | |8 2\u |b 306.09 | ||
| 085 | |8 2\u |z 1 |s 09034 | ||
| 085 | |8 2\u |z 1 |s 0904 | ||
| 085 | |8 2\u |z 2 |s 4371 | ||
| 245 | 0 | 0 | |a Jak se žilo v Plzni za císaře "Procházky" |b katalog výstavy : 29.4.-13.7.2014 Národopisné muzeum Plzeňska |c Eva Mušková (ed.) |
| 250 | |a 1. vyd. | ||
| 264 | 1 | |a V Plzni |b Fakulta pedagogická Západočeské univerzity |c 2014 | |
| 300 | |a 115 S. |b überw. Ill., Kt. | ||
| 600 | 0 | 7 | |a Franz Joseph |b I. |c Österreich, Kaiser |d 1830-1916 |0 (DE-588)118535013 |0 (DE-603)086876074 |2 gnd |
| 651 | 7 | |a Pilsen |0 (DE-588)4076145-9 |0 (DE-603)085215899 |2 gnd | |
| 655 | 7 | |a Ausstellungskatalog |2 gnd-content |0 (DE-588)4135467-9 |0 (DE-603)085499846 | |
| 700 | 1 | |a Mušková, Eva |0 (DE-603)359160190 |0 (DE-588)1071149873 |2 gnd | |
| 856 | 4 | 2 | |m V:DE-603;B:DE-Mb50 |q application/pdf |u http://scans.hebis.de/HEBCGI/show.pl?35848665_toc.pdf |3 Inhaltsverzeichnis |
| 924 | 0 | |9 Mb 50 |a (DE-603)75525242X |b DE-Mb50 |c HES |d c |g 15.07676 | |


